Регионална библиотека "Любен Каравелов" - Русе

Химия (Запис номер 470739)

MARC детайли
000 -Лидер
Контролно поле с фиксирана дължина nam a22 a 4500
003 - Код на организацията, давaща контролен номер
Контролно поле BLK
005 - Дата и час на последна редакция
Контролно поле 20220817153449.0
008 - Елементи от данни с фиксирана дължина
fixed length control field 220415b bul|||||r ||||||| ||bul||
040 ## - Източник на каталожния запис
Идентификатор на билиотеката - собственик на записа BLK
041 ## - Код за език
Код за езика на текст/звукозапис или на отделно заглавие Български
Код за езика КДБФ Български
080 ## - УДК
Текстов определител УДК Химия. Кристалография. Минералогия. Вж и 577.1; 66; 612.015; 631.41
УДК код - определител по УДК 54
УДК определител (075.3)
УДК - код + определител 54(075.3)
100 ## - Редна дума - Автор
Автор Митков, Иван Маринов
Авторска отговорност първи автор
R(LIN) 377408
139 ## - Редно поле
Редна дума Митков, Иван Маринов и др.
245 10 - Сведения за заглавието
Заглавие Химия
Подзаглавни данни За ІІ курс на техникумите
Редно поле (дума) Иван Митков, Иванка Петрова.
250 ## - Област на изданието
Сведения за изданието 9. изд.
257 ## - Страна на издаване
Страна на създаване/издаване България
260 ## - Област на издателските данни
Място на издаване, разпространение и проч. София
Име на издателя, разпространителя и проч. Нар. просв.
Година на издаване 1973
300 ## - Физическа характеристика
Страници 168 с.
Илюстрации и др. с ил., сх.
Размери/Мащаб 22 см
380 ## - Жанр
Жанр Естествени науки. Математика
500 ## - Общи забележки
Забележка Авт. не са отбелязани на кор<br/>1. изд. 1964 ; В кн. означено 10. изд.<br/>
650 #7 - Допълнително описание по предмет – тема
9 (RLIN) 176577
Основно описание – тема или топоним Химия
653 #7 - Ключова дума – ненормативна
Ключова дума учебници за техникуми
9 (RLIN) 199113
700 1# - Други автори (авторска отговорност)
Лично име Петрова, Иванка Хр.
Автороска отговорност (Описва отношението между автора и произведението) съавт.
9 (RLIN) 419863
852 ## - Местоположение
Форматна сигнатура Цб 71352
Фондова буква Хранилище
999 ## - СИСТЕМНИ КОНТРОЛНИ НОМЕРА
Koha biblionumber 470739
Koha biblioitemnumber 470739
942 ## - АРТИКУЛИ
Вид на библиотечния материал Книги
Скрит в OPAC Не
Източник на класификационната схема Universal Decimal Classification
Периодичен библиозапис Да
944 ## - СЪЗДАВАНЕ И РЕДАКЦИЯ на ЗАПИСА
Създаване/Редакция Създаване
Дата на регистрацията/редакция 2022-08-17
Служител, извършил регистрацията/редакцията ир
Наличности
Код за отписване Код за изгубен артикул Източник на класификационната схема Код за повреда Коз за рестрикции Код за отдаване Артикулен № Име на библиотеката - собственик Име на библиотеката, в която се намира в момента Статус (Текущо местоположение) Дата на вписване в системата Местоположение - отдел Цена в лева Инвентарен номер Систематично азбучна сигнатура Баркод Цена в евро Служебен тип на артикула
  Не е изгубен Universal Decimal Classification Не е повреден само за читалня ползва се в читалня 901015 Регионална библиотека "Любен Каравелов" Русе Регионална библиотека "Любен Каравелов" Русе Хранилище 2022-08-22 Хранилище 0.42 134186 Цб 71352 120000134186 0.21 Книги
Vip Innovations Ltd, Rousse, Bulgaria 2025